00840nam a22002297a 450000500170000001000130001702000100003003500130004003700160005304000120006908200130008110000240009424500640011826000420018227000610022430000250028565000660031065000390037694200220041599900190043795201540045620170124110239.0 aB-162481 c00.00 aB-162481 bCen Lib/Ret aDPLbEN a485bSOO aSood, Madan 993909 aComprehensive english grammar with answers /cby Madan Sood aNew DelhibGoodwill Publishing House  aB-3, Rattan Jyoti, 18, Rajendra PlacebNew Delhie110008 axii,266p. c22cm(Hb) aEnglish language -- Grammar -- Handbooks, manuals, etc993910 aEnglish language -- Grammar921364 2ddccENh485mSOO c135054d135054 04104070aLbLd2015-09-30eCen Lib/Retg0.00l14o485 SOOpB-162481r2019-01-20 00:00:00s2019-01-06t1v0.00w2015-09-30yENzW/d list no. 6814/9